LEADER 01253nam0 22003011i 450 001 UON00191668 005 20231205103217.514 010 $a88-7119-477-2 100 $a20030730d1992 |0itac50 ba 101 $aita 102 $aIT 105 $a|||| ||||| 200 1 $aˆLa ‰linguistica pragmatica$eatti del 24. Congresso della Società di linguistica italiana$eMilano, 4-6 settembre 1990$fa cura di Giovanni Gobber 210 $aRoma$cBulzoni$d1992. X$d574 p. ; 21 cm. 410 1$1001UON00067620$12001 $aPubblicazioni della Societa' di linguistica italiana$v32 606 $aLinguistica$3UONC002524$2FI 606 $aPRAGMATISMO$3UONC039593$2FI 620 $aIT$dRoma$3UONL000004 676 $a306.44$cCultura e istituzioni. Linguaggio$v21 702 1$aGOBBER$bGiovanni$3UONV096968 710 02$aSocietà di Linguistica Italiana$3UONV053520$0330439 712 $aBulzoni$3UONV265597$4650 801 $aIT$bSOL$c20250523$gRICA 899 $aSIBA - SISTEMA BIBLIOTECARIO DI ATENEO$2UONSI 912 $aUON00191668 950 $aSIBA - SISTEMA BIBLIOTECARIO DI ATENEO$dSI Collane S.L.I 32 $eSI LO 57828 7 32 996 $aLinguistica pragmatica$978191 997 $aUNIOR